Bendita sea tu pureza /
Na minha lista:
| Autor principal: | |
|---|---|
| Outros Autores: | |
| Formato: | Livro |
| Idioma: | espanhol |
| Publicado em: |
México :
UNAM, Escuela Nacional de Música,
2003, c2003
|
| Colecção: | (Manuel M. Ponce. Obras Corales)
(Edición Especial Clema Ponce) |
| Assuntos: | |
| Tags: |
Sem tags, seja o primeiro a adicionar uma tag!
|
MARC
| LEADER | 00000nam^a2200000^a^4500 | ||
|---|---|---|---|
| 001 | 000174399 | ||
| 005 | 20250526000000.0 | ||
| 009 | 20260310101529.523 | ||
| 020 | |a 970-32-0034-6 | ||
| 037 | |a Acervo ITESO - Biblioteca | ||
| 041 | |a NOT | ||
| 041 | |a ESP | ||
| 082 | |a 784. 071 |b PON MAN CLE V. 19 | ||
| 100 | |a Ponce, Manuel M. |e (música) | ||
| 240 | 1 | 1 | |a [Bendita sea tu pureza] |
| 245 | 1 | 0 | |a Bendita sea tu pureza / |c Música de M.M. Ponce ; rev. y pref. de S. Pascoe. |
| 264 | 4 | |a México : |b UNAM, Escuela Nacional de Música, |c 2003, c2003 | |
| 300 | |a 1 partitura (13 p.) ; |c 28.0 cm. | ||
| 336 | |a texto |b txt |2 rdacontenido | ||
| 337 | |a sin mediación |b n |2 rdamedio | ||
| 338 | |a volumen |b nc |2 rdasoporte | ||
| 440 | 1 | |a (Manuel M. Ponce. |p Obras Corales) | |
| 440 | 1 | |a (Edición Especial Clema Ponce) | |
| 545 | 0 | |a Manuel María Ponce (1882-1948), compositor mexicano nacido en Fresnillo, Zacatecas. Fundador del nacionalismo musical mexicano. En su producción musical destacan dos períodos: uno romántico, que viene a cerrar el capítulo de los compositores anteriores, y otro moderno, iniciado con su viaje a París de 1925. Premio Nacional de Artes y Ciencias de 1948. Estudió en la ciudad de México, en el Conservatorio Stern de Berlín, en Italia trabajó en composición con Marco Enrico Bossi, en París cursó estudios en la Ecole Normale de Marique con el compositor francés Paul Dukas. En la década de 1920, Ponce abandonó el suave estilo de salón vigente en México en aquella época y comenzó a servirse de un lenguaje impresionista con estructuras concisas y técnicas de contrapunto. Su obra abarca música orquestal, de cámara y de piano, así como de canciones, entre las que destaca Estrellita (1914); dos sonatas para violín y para violonchelo con piano, piezas para trío y 50 canciones populares. Las obras para guitarra, en especial Folias de España, así como los 24 preludios y las 5 sonatas, se han convertido en clásicos del repertorio moderno del instrumento. | |
| 546 | |a Edición en lenguaje notado con texto en español | ||
| 649 | |a XX | ||
| 650 | |a Partituras - |x Tema Principal | ||
| 650 | |a Canción (Música de Concierto) - |x Partituras | ||
| 650 | |a Canción (Música de Concierto) - |z México - |x Partituras | ||
| 650 | |a Organo Tubular - |x Partituras | ||
| 650 | |a Organo Tubular - |z México - |x Partituras | ||
| 650 | |a Nacionalismo en la Música - |x Partituras | ||
| 650 | |a Nacionalismo en la Música - |z México - |x Partituras | ||
| 650 | |a Música Coral - |x Partituras | ||
| 650 | |a Música Coral - |z México - |x Partituras | ||
| 650 | |a Música Vocal - |x Partituras | ||
| 650 | |a Música Vocal - |z México - |x Partituras | ||
| 650 | |a Música de Cámara - |x Partituras | ||
| 650 | |a Música de Cámara - |z México - |x Partituras | ||
| 650 | |a Música Romántica - |x Partituras | ||
| 650 | |a Música Romántica - |z México - |x Partituras | ||
| 650 | |a Música de Concierto - |x Partituras | ||
| 650 | |a Música de Concierto - |z México - |x Partituras | ||
| 650 | |a Música Mexicana - |x Partituras | ||
| 650 | |a Música Mexicana - |y Siglo XX | ||
| 600 | |a Ponce, Manuel M. | ||
| 700 | |a Pascoe, Samuel |e (revisión y prefacio) | ||
| 910 | |a Fondo General | ||
| 920 | |a Impresos - Libros | ||
| 930 | |a Libros Antiguos y Raros | ||
| 905 | |a 108 | ||
| 901 | |a 0500112385 |b IT2 |c LRA |u 20250526 | ||
| 902 | |a https://opac.biblio.iteso.mx/vufind/Record/000174399 | ||